Football clubs by country 1 - Statistics

General Stats
  • This quiz has been taken 42 times
    24 since last reset
  • The average score is 15 of 20
Answer Stats
Club Country % Correct
Anderlecht Belgium
100%
Bayer 04 Leverkusen Germany
100%
Internazionale Italy
100%
Legia Warsaw Poland
100%
Malmö Sweden
95%
Rapid Wien Austria
90%
Barnsley England
90%
Olympiacos Greece
90%
Shakhtar Donestk Ukraine
90%
Dinamo Minsk Belarus
81%
Hajduk Split Croatia
81%
Rosenborg Norway
81%
Sarajevo Bosnia and Herzegovina
76%
Shamrock Rovers Ireland
76%
Partick Thistle Scotland
76%
Riga Latvia
71%
Krasnodar Russia
67%
Nacional Portugal
38%
Fuelen Luxembourg
14%
Granitas Lithuania
10%
No matching quizzes found
Score Distribution
Percent of People with Each Score
Percentile by Number Answered
Your Score History
You have not taken this quiz since the last reset